000
003110000a22001450004500
003
MACL
040
_a
MACL
090
_c
33072
_d
33070
100
_a
Gupta, Sanjeev
245
_a
Objective Physics
260
_b
Jaiprakash Nath Publication
_c
2003
350
_a
375
650
_a
Physics
942
_c
BOOK
_k
530/Gup
999
_c
32735
_d
32735